00723nam a2200217Ia 4500003000900000008004100009040001600050080001800066100002500084245005200109250001200161260006100173300001000234650003100244650002500275650002900300650004900329942000700378999001500385952010500400IN-BaIIA211028s9999 xx 000 0 eng d cIIA Library a084.4:52bMOO aMoore, Patrick93252 4aThe Caxton atlas of the universecPatrick Moore a2nd ed. aLondonbInternational Learning Systems Corporationc1972 a272p. a Atlas - universe 98778 a Caxton atlas98779 a Universe atlas 98780 aAstronomy and astrophysics thesaurus 91143 cBK c4900d4900 00104070aBANbBANcGENd1976-07-29l0o084.4:52/ MOOp5483r2021-11-05w1976-07-29yBKGDFL 20.00